000 00388nam a2200121Ia 4500
008 240731s9999 xx 000 0 und d
022 _a1532-4095
245 0 _aJournal of Environmental Science and Health, Part C : Environmental Carcinogenesis and Ecotoxicology Reviews
260 _bTaylor & Francis
856 _uhttps://www.tandfonline.com/loi/lesc20
942 _2ddc
942 _cTFEJ
999 _c77691
_d77691
945 _a1
_bMadushi Gamage
_c1
_dMadushi Gamage